| 000 | 00788nam a2200265Ia 4500 | ||
|---|---|---|---|
| 001 | 18461 | ||
| 003 | GE_BSU | ||
| 008 | 181216s||||||||xx |||||||||||||| ||und|| | ||
| 020 | _a9781593578176 | ||
| 040 | _cGE_BSU | ||
| 080 | _a331 | ||
| 100 | _aCrompton,D. Sautter,E. | ||
| 245 | _aFind a Job Trough Social Networking | ||
| 245 | _bUse Linkedln, Twitter, Facebook, Blogs, and more to Advance your Career | ||
| 250 | _aSecond edition | ||
| 260 | _aUSA | ||
| 260 | _bJist Works | ||
| 260 | _c2011 | ||
| 300 | _a258p. 24cm. | ||
| 653 | _aFind a Job Trough Social Networking | ||
| 653 | _aUse Linkedln, Twitter, Facebook, Blogs, and more to Advance your Career | ||
| 653 | _aკარიერა | ||
| 653 | _aსოციალური ქსელები | ||
| 942 | _cBK | ||
| 999 |
_c51475 _d51475 |
||